Statistics for France Country Quiz

Click here to take the quiz!

General Stats

  • This quiz has been taken 50,357 times
    (15,100 since last reset)
  • The average score is 15 of 20

Answer Stats

Hint Answer % Correct
Capital cityParis
100%
World's most-visited museumMusée du Louvre
93%
Famous bike raceTour de France
92%
Tower built for the 1889 World's FairEiffel Tower
92%
Region of France that was the site
of the D-Day invasions
Normandy
88%
Region of France located in
South America
French Guiana
85%
Prison stormed on July 14, 1789Bastille
83%
... and the palace he lived inVersailles
82%
Third most-populous urban areaMarseille
82%
Second most-populous urban areaLyon
81%
Avenue where that race ends{Champs}-Élysées
76%
Symbol on the French royal
coat of arms
{Fleur}-de-lis
75%
Longest-reigning KingLouis XIV
72%
Well-known newspaper whose name
means "The World"
Le Monde
70%
Roman name for FranceGaul
70%
Tallest mountainMont Blanc
68%
Revolutionary slogan:
Liberté, égalité, ______
Fraternité
65%
Longest river by length
within France
Loire
49%
Dynasty he was part ofBourbon
41%
Woman who "personifies" FranceMarianne
25%

Score Distribution

Percentile by Number Answered

Percent of People with Each Score

Your Score History

You have not taken this quiz since the last reset